Modelos de decisión (Registro nro. 2660)
[ vista simple ]
| 000 -LEADER | |
|---|---|
| fixed length control field | 01145 a2200205 4500 |
| 001 - CONTROL NUMBER | |
| control field | 36563 |
| 005 - DATE AND TIME OF LATEST TRANSACTION | |
| control field | 20260407155640.0 |
| 008 - FIXED-LENGTH DATA ELEMENTS--GENERAL INFORMATION | |
| fixed length control field | 260407a1974 arg spa d |
| 003 - CONTROL NUMBER IDENTIFIER | |
| control field | AR-UNSa-BCEJYS |
| 040 ## - CATALOGING SOURCE | |
| Original cataloging agency | AR-UNSa-BCEJYS |
| Language of cataloging | spa |
| Transcribing agency | AR-UNSa-BCEJYS |
| 080 ## - UNIVERSAL DECIMAL CLASSIFICATION NUMBER | |
| Universal Decimal Classification number | 658.5 |
| Common auxiliary subdivision | Planificación y control de la producción<br/> |
| 100 1# - MAIN ENTRY--PERSONAL NAME | |
| Personal name | Muth, John F. |
| 245 10 - TITLE STATEMENT | |
| Title | Modelos de decisión |
| 264 #1 - PRODUCTION, PUBLICATION, DISTRIBUTION, MANUFACTURE, AND COPYRIGHT NOTICE | |
| Place of production, publication, distribution, manufacture | Buenos Aires : |
| Name of producer, publisher, distributor, manufacturer | El Ateneo |
| Date of production, publication, distribution, manufacture, or copyright notice | 1974 |
| 300 ## - PHYSICAL DESCRIPTION | |
| Extent | 225 p. |
| Dimensions | 20 cm. |
| 505 ## - FORMATTED CONTENTS NOTE | |
| Formatted contents note | 1. Evolución de conceptos en la gerencia de producción - 2. Producción bajo presión - 3. Costo-Eficiencia: Introducción y reseña - 4. Arboles de decisión para la formulación de decisiones - 5. Decision en condiciones de incertidumbre:Exposición introductoria - 6. Análisis del riesgo en la inversión de capital - 7. Diseño de experimentos de simulación electronica para sistemas industriales - 8. Solución de problemas numericos y estadisticos por búsqueda directa - 9. Programas heursiticos de decisión - 10. Estructura fundamental de los problemas de espera en fila. |
| 590 ## - LOCAL NOTE (RLIN) | |
| Local note | niveau_biblio:m niveau_hierar:0 |
| 700 1# - ADDED ENTRY--PERSONAL NAME | |
| Personal name | Groff, Gene K. |
| 942 ## - ADDED ENTRY ELEMENTS (KOHA) | |
| Koha item type | |
| Withdrawn status | Lost status | Damaged status | Not for loan | Home library | Current library | Shelving location | Date acquired | Total checkouts | Full call number | Barcode | Date last seen | Price effective from | Koha item type |
|---|---|---|---|---|---|---|---|---|---|---|---|---|---|
| Biblioteca Prof. Eusebio Cleto del Rey | Biblioteca Prof. Eusebio Cleto del Rey | 07/04/2026 | 658.5 G873 v.1 | L33858 | 07/04/2026 | 07/04/2026 | Libro |